| 000 | 00855nam a2200253 i 4500 | ||
|---|---|---|---|
| 001 | bg | ||
| 003 | BPK | ||
| 005 | 20200805121430.0 | ||
| 008 | 061107s2006 pl a f f |001 0 pol | ||
| 015 | _aPB 2006/25173 | ||
| 020 | _a8374051957 | ||
| 040 |
_aWA N _cBPK |
||
| 080 | _a621.38 | ||
| 080 | _a(075.8) | ||
| 100 | 1 |
_aKorzec, Zdzisław _d(1929- ) _eAutor |
|
| 245 | 1 | 0 |
_aPodstawy współczesnej elektroniki : _bpodręcznik dla studentów informatyki / _cZdzisław Korzec. |
| 260 |
_aŁódź : _bWydawnictwo Wyższej Szkoły Humanistyczno-Ekonomicznej, _c2006. |
||
| 300 |
_a208 s. : _bil. ; _c21 cm. |
||
| 504 | _aBibliogr. s. 196. Indeks. | ||
| 655 | 4 | _aPodręczniki akademickie | |
| 650 | 4 | _aElektronika | |
| 942 |
_2UKD _cKS |
||
| 856 |
_uhttp://koha.tu.koszalin.pl/cgi-bin/koha/opac-detail.pl?biblionumber=53135 _yKatalog online BPK |
||
| 999 |
_c53135 _d53135 |
||